000 00590nam a2200217Ia 4500
003 OSt
005 20220928140513.0
006 a|||||r|||| 00| 0
007 ta
008 220927b |||||||| |||| 00| 0 eng d
024 _a9020
037 _cTextual
040 _aSDCL
_cSDCL
_beng
041 _2eng
_aeng
082 _aD6,8(B),2775, P0
100 _aHo James K Ed.
_9495571
245 0 _aCyber tigers
_b How companies in asia can prosoer form e-commerce
260 _c2000
942 _hD6,8(B),2775, P0
_cTEXL
_2CC
999 _c811783
_d811783